| 000 | 01707nmm a2200289 i 4500 | ||
|---|---|---|---|
| 001 | 191693 | ||
| 003 | SpMaBN | ||
| 005 | 20250824063059.0 | ||
| 008 | 221007e1614 sp |o | ||| ||spa | ||
| 040 |
_aPalacio Real. Catálogo de impresos españoles del S. XVII _bspa _cSpMaBN _dSpMaBN _erdc |
||
| 080 | _a27-42"16" | ||
| 100 | 1 |
_aSabunde, Ramón, _dca. 1385-1436 _eaut _9175416 |
|
| 245 | 1 | 0 |
_aDialogos de la naturaleza del Hombre, de su principio y su fin _h[Recurso electrónico] : _ben los quales se le da ... verdadero conocimiento assi de Iesu Christo ... como de si mismo / _ctraduzidos de lengua latina, en la qual los compuso ... Remundo Sebunde, en castellana y anotados por ... fray Antonio Ares, predicador de ... los Minimos ... |
| 246 | 1 | _aDiálogos de la naturaleza del hombre, de su principio y su fin | |
| 260 |
_aEn Madrid : _bpor Iuan de la Cuesta : vendense en el conuento de N. Señora de la Victoria, _c1614 |
||
| 300 |
_a[32], 751, [8] páginas ; _c4º (20 cm) |
||
| 530 | _aDisponible en formato digital | ||
| 650 | 4 |
_aMoral cristiana- _yS.XVII _9242007 |
|
| 700 | 1 |
_aAres, Antonio _c(O.M.) _etrl _eann _9175415 |
|
| 700 | 1 |
_aCuesta, Juan de la, _dfl. 1604-1627 _eprm _942041 |
|
| 752 |
_aEspaña - _dMadrid |
||
| 852 | 4 | _aES-MaACL | |
| 856 | 4 |
_uhttps://bibliotecavirtualmadrid.comunidad.madrid/bvmadrid_publicacion/es/consulta/registro.do?id=25492 _yVersión en línea _z(Biblioteca Digital de Madrid) |
|
| 942 |
_2udc _cCDROM _n0 |
||
| 999 |
_c191693 _d191693 |
||